MDQL
is popping MORE tags! Check the
thread
!
Quizzes
Events
Quiz Creation
Community
Videos
Private Events
Remove Ads
Sign In
Join for FREE
Feedback
Dark Mode
Quiz Categories
Sports
Geography
Music
Movies
Television
Just For Fun
Miscellaneous
History
Literature
Language
Science
Gaming
Entertainment
Religion
Holiday
For Kids
Quiz Lab
Recent
Popular Today
Quiz Kudos Today
Editor Picks
Curator Picks
Quizzes by...
Day
Popularity
Type
Ratings
Length
Year
Community
Subscriptions
Recent Discussions
Orange Saloon
Badges
Playlists
Quests
Create
Leaderboards
Showdown
Live 5
Trivia Bingo
Activity
Puzzle Library
Sporcle Events
Private Events
Virtual Trivia
Globe League
Become a Host
Pub Owners
SporcleCon
Opinionation
Our Games
Videos
Blog
Mobile Apps
Partnerships
Remove Ads and Go Orange
Feedback
Language
Vocabulary
Begins and Ends
Definition
Spanish
French
German
Italian
Chinese
Latin
Translation
Japanese
Language
Vocabulary
Begins and Ends
Definition
Spanish
French
German
Italian
Chinese
Latin
Translation
Japanese
Random Quiz
Search Sporcle
×
Quiz Lab
Quiz Lab
Language
Latin
Type in answers that appear in a list
Type in answers that appear in a list
Classic
Best Score? Go Orange.
Latin vocab b-e Stats
Can you name the Latin vocab b and c?
By
publiavergilia
10m
70 Questions
31 Plays
31 Plays
31 Plays
Comments
Comments
Give Quiz Kudos
Give Quiz Kudos
-
- Ratings
hide this ad
Replay
Link that replays current quiz
Next Quiz
Link to next quiz in quiz playlist
You Got
0%
They Got
Avg Score
37%
Avg Friend Score
Upgrade to see
Score Distribution
Jump to the score distribution portion of the page
Score
0/70
Timer
10:00
0
Plays Today
Latin word
English word
% Correct
barba
beard
90.3%
bracchium
arm
77.4%
cor, cordis
heart
67.7%
coma
hair
64.5%
beatus
blessed
61.3%
calidus
warm
58.1%
cervix
neck
58.1%
benignus
kind
54.8%
digitus
finger
54.8%
callidus
clever
51.6%
cingo
surround
51.6%
caeruleus
blue, dark
48.4%
carcer
prison
48.4%
cerno, crevi, cretus
see
48.4%
charta
map
48.4%
coma
leaf
48.4%
cupido
desire
48.4%
canus
white
45.2%
cavus
hollow
45.2%
catena
chain
45.2%
censeo
think
45.2%
cunctus
all
45.2%
existimo
think
45.2%
biduum
two days
41.9%
carpo
pluck
41.9%
celsus
lofty
41.9%
complector
embrace
41.9%
confiteor
confess
41.9%
cuspis
spear
41.9%
certamen
fight
38.7%
consuetudo
custom
38.7%
decerno
decide
38.7%
dimico
fight
38.7%
exitium
ruin
38.7%
bini
two each
35.5%
Latin word
English word
% Correct
crimen
accusation
35.5%
cito
quickly
32.3%
complures
several
32.3%
conficio, confectum
finish
32.3%
consulo, -
ere, -
ui
consult
32.3%
cupidus
eager
32.3%
damnum
loss
32.3%
dimidius
half
32.3%
egregius
excellent
32.3%
caligo
darkness
29%
comitor
accompany
29%
condo
found, hide
29%
dapes
feast
29%
dirus
dreadful
29%
epulae
feast
29%
evenio
happen
29%
decus
glory
25.8%
diripio
plunder
25.8%
egeo (abl)
need
25.8%
ensis
sword
25.8%
confectus
tired
22.6%
creber
frequent
22.6%
dedecus
disgrace
22.6%
dedo, -
ere, -
didi, -
ditum
surrender
22.6%
denique
finally
22.6%
discrimen
crisis
22.6%
certo
contend
19.4%
cunctor
to delay
19.4%
desum, -
esse, -
fui
be lacking
19.4%
demum
at last
16.1%
desino
cease
16.1%
dissimulo
conceal
16.1%
domo, -
itum
subdue
16.1%
contio
speech
12.9%
delectus
levy
12.9%
Quiz Playlist
Details
Report
Send in Message
Add To Playlist
Classic:
Type in answers that appear in a list
Last Updated: Feb 16, 2017
Quiz Scoreboard
CHALLENGE
Sign Up to Join the Scoreboard
Show All
Scores
Hide
Comments
May contain spoilers
Recently Published
Colored Red Africa Blitz
by spor1
Geography
30s
Find the 'City' Movie
by crazypaving
Movies
60s
5x2 Blitz: Bands
by SL_Kpop136
Music
30s
More to Explore
Quiz From the Vault
Featured Blog Post
14 Easter Pick-up Lines to Find Eggs With
hide this ad
You Might Also Like...
Tags
Latin Quiz
Vocabulary Quiz
English
Today's Top Quizzes in Language
Browse Language
hide this ad
Today's Top Quizzes in Latin
Browse Latin
Top Contributed Quizzes in Language
1
What Word Starts All?
2
Arabic Numerals
3
1-10 Letter F Words III
4
1-10 Letter G Words III
5
1-10 Letter H Words III
6
Weisst du, aus welchen Sprachen diese Wörter stammen?
7
1-10 Letter I Words III
8
Latihan Huruf Hiragana KA KI KU KE KO
9
1-10 Letter M Words III
10
1-10 Letter J Words III
Explore More
Trending Topics
Anime
Disney
Crossword
NBA
Kpop
Harry Potter
Marvel
The Office
Pokémon
WWE
Song
NFL
Puzzle
Country
Soccer
hide this ad
More By:
publiavergilia
Quiz
Plays
Rating
Category
Featured
Created
intermediate latin vocabulary
39
5.00
Language
Jun 11, 2011
Latin vocab b-e
31
1.00
Language
Jun 5, 2011
Latin vocabulary
5
Language
Jun 5, 2011
Go to Creator's Profile
Score Distribution
Quiz Creator Spotlight
publiavergilia
Follow
Send a Message
Quizzes Created
-
Created Quiz Play Count
-
More By This Creator
Popular Quizzes Today
1
Colored Red Africa Blitz
2
Find the US States - No Outlines Minefield
3
Find the 'City' Movie
4
5x2 Blitz: Bands
5
The Countries of the World
6
Find the US States
7
Find the Countries of Europe - No Outlines Minefield
8
US States
More Language Quizzes
What's in a Musician's Name?
Curator's Pick
Trending Quizzes
Colored Red Europe Blitz I
Colored Red Europe Blitz II
Colored Red Africa Blitz II
Colored Red Europe Blitz III
Colored Red Africa Blitz III
Recently Updated
How Do You Spell That?
pecheneg
Godzilla Movies
pecheneg
Grab Bag: 4-10 Letters
pecheneg
2024 March Madness Bracket
pecheneg
Famous TV Couples
Peacemaker
Champions League XIs: Real Madrid
pecheneg
Largest US Cities 1790-2010
pecheneg
Rides in Walt Disney World
pecheneg
Most Oscar Losses (Acting)
pecheneg
Beyoncé Albums
pecheneg
Trending Topics
NBA
Harry Potter
Kpop
Marvel
Anime
Disney
Crossword
Soccer
Song
Puzzle
Country
WWE
NFL
The Office
Pokémon
Your Account Isn't Verified!
In order to create a playlist on Sporcle, you need to verify the email address you used during registration. Go to your
Sporcle Settings
to finish the process.
Report this User
Report this user for behavior that violates our
Community Guidelines
.
Details:
Send Report
Go to the Sporcle.com Mobile Site →
Comments